[Event "Catalunya-chB"]
[Site "Spain"]
[Date "1996.11.03"]
[Round "5"]
[White "Febrero Perez, Lluis"]
[Black "Curet Ferrer, Albert"]
[Result "1-0"]
[WhiteElo "1825"]
[BlackElo "1755"]
[PlyCount "101"]
[EventDate "1997.??.??"]
[EventType "swiss"]
[EventRounds "8"]
[EventCountry "ESP"]
[SourceTitle "EXT 2003"]
[Source "ChessBase"]
[SourceDate "2002.11.25"]
[SourceVersion "1"]
[SourceVersionDate "2002.11.25"]
[SourceQuality "1"]

1. e4 e5 2. Nf3 Nc6 3. d4 d6 4. d5 Nce7 5. c4 c6 6. Nc3 h6 7. g3 Nf6 8. Bg2 Bg4 9. Qd3 cxd5 10. cxd5 Ng6 11. Bd2 Be7 12. 0-0 0-0 13. Rac1 Rc8 14. Ne1 Qd7 15. Qe3 b6 16. Nd3 Bh3 17. f4 Bxg2 18. Kxg2 Ng4 19. Qf3 exf4 20. Bxf4 Nxf4+ 21. gxf4 f5 22. e5 dxe5 23. fxe5 Bg5 24. Rce1 Bd2 25. Re2 Bxc3 26. bxc3 h5 27. h3 Nh6 28. Nf4 Qe8 29. Qg3 Kh7 30. Ne6 Rg8 31. Ng5+ Kh8 32. e6 Qg6 33. Nf7+ Kh7 34. Qxg6+ Kxg6 35. Nxh6 gxh6 36. Re3 Kf6+ 37. Kh2 Rc5 38. e7 Re8 39. Re6+ Kg5 40. h4+ Kxh4 41. Rf4+ Kg5 42. Rd4 Rxc3 43. d6 Rc2+ 44. Kg3 Rc3+ 45. Kf2 Rc2+ 46. Ke3 Rc3+ 47. Kd2 Rec8 48. e8Q Rc2+ 49. Kd1 Rc1+ 50. Ke2 R8c2+ 51. Rd2 1-0